01305cam a22003134i 450000100090000000300090000900500170001800800410003502000300007604000380010608200230014410000530016724501350022026400550035530000300041033600260044033700280046633800270049449000650052150400510058665000330063765000460067065300220071665500240073890600450076294200120080799900170081995201550083618834432EG-ScBUE20220303103250.0151027s2016 nyu f b 001 0 eng d a9781107591219 (paperback) aDLCbengerdacDLCdDLCdEG-ScBUE04a320.019222bPÉR1 aPérez, Efrén Osvaldo,d1977-eauthor.94136410aUnspoken politics :bimplicit attitudes and political thinking /cEfrén O. Pérez, Vanderbilt University, nashville, Tennessee. 1aNew York, NY :bCambridge University Press,c2016. axiii, 215 pages ;c23 cm. atextbtxt2rdacontent aunmediatedbn2rdamedia avolumebnc2rdacarrier0 aCambridge studies in public opinion and political psychology aIncludes bibliographical references and index. 7aPolitical psychology.2BUEsh 7aPublic opinionxPolitical aspects.2BUEsh bBUSBOLcMarch2022 vReading book934232 a7bcbccorignewd1eecipf20gy-gencatlg 2ddccBB c29838d29809 00102ddc40708AlahramaMAINbMAINc1STd2022-03-03ePurchaseg499.00h282l0o320.019 PÉRp000056196r2025-07-15 00:00:00v623.75w2022-03-03yBB